[Event "8th Palmanova Open 2019"]
[Site "Palmanova"]
[Date "2019.12.06"]
[Round "1.9"]
[White "Bisaro, Andrea"]
[Black "Ghersinich, Enrico"]
[Result "0-1"]
[WhiteElo "1845"]
[BlackElo "2157"]
[Annotator "NA"]
[PlyCount "84"]
[EventDate "2019.12.06"]
[EventType "swiss"]
[EventCountry "ITA"]
[SourceTitle "playchess.com"]
[Source "ChessBase"]
[SourceQuality "1"]
[TimeControl "5400+30"]

1. d4 {[%emt 0:00:00]} Nf6 {[%emt 0:00:00]} 2. c4 {[%emt 0:00:00]} c5 {[%emt 0:00:10]} 3. d5 {[%emt 0:00:00]} b5 {[%emt 0:00:15]} 4. cxb5 {[%emt 0:00:05]} a6 {[%emt 0:00:22]} 5. bxa6 {[%emt 0:00:23]} g6 {[%emt 0:00:29]} 6. Nc3 {[%emt 0:00:23]} Bg7 {[%emt 0:00:27]} 7. e4 {[%emt 0:00:53]} O-O {[%emt 0:01:30]} 8. Nf3 {[%emt 0:01:04]} Qa5 {[%emt 0:01:03]} 9. Bd3 {[%emt 0:06:51]} Nxd5 {[%emt 0:00:43]} 10. exd5 {[%emt 0:01:55]} Bxc3+ {[%emt 0:00:58]} 11. Bd2 {[%emt 0:00:49]} Bxd2+ {[%emt 0:00:32]} 12. Qxd2 {[%emt 0:00:20]} Qxd2+ {[%emt 0:01:08]} 13. Kxd2 {[%emt 0:01:06]} Bxa6 {[%emt 0:01:38]} 14. Rhe1 {[%emt 0:01:20]} Re8 {[%emt 0:05:03]} 15. d6 {[%emt 0:19:47]} Nc6 {[%emt 0:09:47]} 16. Bxa6 {[%emt 0:01:32]} Rxa6 {[%emt 0:00:09]} 17. dxe7 {[%emt 0:00:08]} f6 {[%emt 0:04:32]} 18. Kc3 {[%emt 0:01:17]} Nxe7 {[%emt 0:04:27]} 19. Kc4 {[%emt 0:00:30]} Kf7 {[%emt 0:03:38]} 20. a3 {[%emt 0:17:25]} Rb8 {[%emt 0:02:32]} 21. Re2 {[%emt 0:01:16]} d5+ {[%emt 0:03:35]} 22. Kxc5 {[%emt 0:10:15]} Rc6+ {[%emt 0:01:05]} 23. Kd4 {[%emt 0:00:15]} Rb3 {[%emt 0:00:08]} 24. Rxe7+ {[%emt 0:00:06]} Kxe7 {[%emt 0:00:13]} 25. Kxd5 {[%emt 0:00:05]} Rd6+ {[%emt 0:06:03]} 26. Kc5 {[%emt 0:00:12]} Rxb2 {[%emt 0:00:09]} 27. Nd4 {[%emt 0:00:19]} Rxf2 {[%emt 0:01:22]} 28. a4 {[%emt 0:01:19]} Rxg2 {[%emt 0:00:13]} 29. Nb5 {[%emt 0:07:27]} Rc2+ {[%emt 0:02:18]} 30. Kb4 {[%emt 0:00:24]} Rdd2 {[%emt 0:00:58]} 31. Nc3 {[%emt 0:03:01]} Rxh2 {[%emt 0:00:48]} 32. a5 {[%emt 0:00:08]} Rb2+ {[%emt 0:00:52]} 33. Kc5 {[%emt 0:02:34]} Rhc2 {[%emt 0:01:15]} 34. Kd4 {[%emt 0:00:58]} Rd2+ {[%emt 0:02:43]} 35. Kc4 {[%emt 0:00:10]} Rd8 {[%emt 0:00:13]} 36. a6 {[%emt 0:07:24]} Rc8+ {[%emt 0:00:24]} 37. Kd4 {[%emt 0:01:25]} Rb4+ {[%emt 0:00:49]} 38. Kd3 {[%emt 0:00:31]} Rb3 {[%emt 0:00:19]} 39. Rc1 {[%emt 0:00:05]} Ra3 {[%emt 0:00:53]} 40. a7 {[%emt 0:01:27]} Kf7 {[%emt 0:00:46]} 41. Kd4 {[%emt 0:00:56]} Rxa7 {[%emt 0:00:26]} 42. Rh1 {[%emt 0:00:05]} Rd7+ {[%emt 0:00:35]} 0-1

[Event "8th Palmanova Open 2019"]
[Site "Palmanova"]
[Date "2019.12.06"]
[Round "1.10"]
[White "Belli, Giorgio"]
[Black "Maione, Melissa"]
[Result "1-0"]
[WhiteElo "2136"]
[BlackElo "1836"]
[Annotator "NA"]
[PlyCount "117"]
[EventDate "2019.12.06"]
[EventType "swiss"]
[EventCountry "ITA"]
[SourceTitle "playchess.com"]
[Source "ChessBase"]
[SourceQuality "1"]
[TimeControl "5400+30"]

1. e4 {[%emt 0:00:00]} c5 {[%emt 0:00:00]} 2. Nf3 {[%emt 0:00:00]} d6 {[%emt 0:00:00]} 3. d4 {[%emt 0:00:00]} cxd4 {[%emt 0:00:00]} 4. Nxd4 {[%emt 0:00:00]} Nf6 {[%emt 0:00:06]} 5. Nc3 {[%emt 0:00:11]} g6 {[%emt 0:00:10]} 6. Be3 {[%emt 0:00:29]} Bg7 {[%emt 0:00:19]} 7. f3 {[%emt 0:00:08]} O-O {[%emt 0:00:17]} 8. Qd2 {[%emt 0:00:08]} Nc6 {[%emt 0:00:43]} 9. Bc4 {[%emt 0:00:06]} Bd7 {[%emt 0:00:53]} 10. O-O-O {[%emt 0:00:08]} Rc8 {[%emt 0:01:41]} 11. Bb3 {[%emt 0:00:06]} Nxd4 {[%emt 0:01:38]} 12. Bxd4 {[%emt 0:00:12]} a5 {[%emt 0:00:58]} 13. a3 {[%emt 0:17:58]} b5 {[%emt 0:00:45]} 14. Nd5 {[%emt 0:00:09]} Nxd5 {[%emt 0:00:48]} 15. Bxg7 {[%emt 0:00:06]} Kxg7 {[%emt 0:00:25]} 16. exd5 {[%emt 0:00:54]} Bf5 {[%emt 0:05:04]} 17. g4 {[%emt 0:01:53]} a4 {[%emt 0:01:44]} 18. Bxa4 {[%emt 0:03:19]} bxa4 {[%emt 0:05:31]} 19. gxf5 {[%emt 0:00:13]} Qd7 {[%emt 0:00:27]} 20. fxg6 {[%emt 0:06:42]} fxg6 {[%emt 0:01:23]} 21. Qd4+ {[%emt 0:06:43]} Kg8 {[%emt 0:04:05]} 22. Qe4 {[%emt 0:03:09]} Rf5 {[%emt 0:06:18]} 23. Rhe1 {[%emt 0:04:24]} Re5 {[%emt 0:09:30]} 24. Qg4 {[%emt 0:01:31]} Rf5 {[%emt 0:10:38]} 25. Re6 {[%emt 0:01:01]} Kf7 {[%emt 0:08:28]} 26. Rde1 {[%emt 0:02:10]} Re8 {[%emt 0:01:14]} 27. Qh3 {[%emt 0:00:53]} Kg7 {[%emt 0:01:35]} 28. Qh4 {[%emt 0:01:18]} Rf7 {[%emt 0:01:16]} 29. Qg4 {[%emt 0:01:37]} Qb5 {[%emt 0:06:14]} 30. Qd4+ {[%emt 0:01:59]} Kg8 {[%emt 0:00:55]} 31. h4 {[%emt 0:00:10]} Rf5 {[%emt 0:03:41]} 32. Rxe7 {[%emt 0:08:58]} Rxe7 {[%emt 0:00:15]} 33. Rxe7 {[%emt 0:00:06]} Qf1+ {[%emt 0:00:18]} 34. Qd1 {[%emt 0:00:41]} Qxd1+ {[%emt 0:00:50]} 35. Kxd1 {[%emt 0:00:05]} Rxd5+ {[%emt 0:00:05]} 36. Kc1 {[%emt 0:01:06]} h6 {[%emt 0:01:06]} 37. Re4 {[%emt 0:00:16]} Ra5 {[%emt 0:00:52]} 38. Re6 {[%emt 0:00:19]} Kf7 {[%emt 0:00:13]} 39. Rxd6 {[%emt 0:00:04]} h5 {[%emt 0:01:14]} 40. Kd2 {[%emt 0:00:43]} g5 {[%emt 0:00:48]} 41. hxg5 {[%emt 0:01:13]} Rxg5 {[%emt 0:00:07]} 42. Ra6 {[%emt 0:01:39]} h4 {[%emt 0:00:10]} 43. Rh6 {[%emt 0:00:08]} Rg2+ {[%emt 0:00:31]} 44. Kc3 {[%emt 0:00:33]} Rh2 {[%emt 0:00:08]} 45. Ra6 {[%emt 0:02:56]} Rf2 {[%emt 0:00:50]} 46. Rxa4 {[%emt 0:00:39]} h3 {[%emt 0:00:09]} 47. Rh4 {[%emt 0:00:13]} h2 {[%emt 0:00:12]} 48. b4 {[%emt 0:05:22]} Rxf3+ {[%emt 0:00:04]} 49. Kc4 {[%emt 0:01:50]} Rf2 {[%emt 0:00:11]} 50. c3 {[%emt 0:00:15]} Kg6 {[%emt 0:00:11]} 51. Rh8 {[%emt 0:03:12]} Kg7 {[%emt 0:00:29]} 52. Rh3 {[%emt 0:00:06]} Kf6 {[%emt 0:00:13]} 53. b5 {[%emt 0:00:19]} Ke6 {[%emt 0:00:32]} 54. a4 {[%emt 0:00:18]} Kd6 {[%emt 0:01:20]} 55. Rh6+ {[%emt 0:01:31]} Kc7 {[%emt 0:00:33]} 56. a5 {[%emt 0:00:21]} Rf4+ {[%emt 0:00:34]} 57. Kc5 {[%emt 0:00:30]} Rf5+ {[%emt 0:00:10]} 58. Kb4 {[%emt 0:00:06]} Rf4+ {[%emt 0:01:06]} 59. c4 {[%emt 0:00:06]} 1-0

[Event "8th Palmanova Open 2019"]
[Site "Palmanova"]
[Date "2019.12.07"]
[Round "2.1"]
[White "Lekic, Dusan"]
[Black "Lumachi, Gabriele"]
[Result "1/2-1/2"]
[WhiteElo "2347"]
[BlackElo "2241"]
[Annotator "ChessBase"]
[PlyCount "25"]
[EventDate "2019.12.06"]
[EventType "swiss"]
[EventCountry "ITA"]
[SourceTitle "playchess.com"]
[Source "ChessBase"]
[SourceQuality "1"]
[TimeControl "5400+30"]

1. d4 {[%emt 0:00:00]} d5 {[%emt 0:00:00]} 2. c4 {[%emt 0:00:00]} c5 {[%emt 0:00:00]} 3. cxd5 {[%emt 0:00:38]} Qxd5 {[%emt 0:00:09]} 4. Nf3 {[%emt 0:00:26]} cxd4 {[%emt 0:00:12]} 5. Nc3 {[%emt 0:00:19]} Qa5 {[%emt 0:00:08]} 6. Nxd4 {[%emt 0:00:10]} Nf6 {[%emt 0:00:21]} 7. Bd2 {[%emt 0:02:47]} e5 {[%emt 0:01:03]} 8. Ndb5 {[%emt 0:04:46]} Qb6 {[%emt 0:00:30]} 9. Be3 {[%emt 0:05:08]} Bc5 {[%emt 0:00:08]} 10. Bxc5 {[%emt 0:04:30]} Qxc5 {[%emt 0:00:30]} 11. b4 {[%emt 0:03:18]} Qb6 {[%emt 0:00:07]} 12. e3 {[%emt 0:04:14]} O-O {[%emt 0:03:38]} 13. Bc4 {[%emt 0:11:38]} 1/2-1/2

[Event "8th Palmanova Open 2019"]
[Site "Palmanova"]
[Date "2019.12.07"]
[Round "2.2"]
[White "Ghersinich, Enrico"]
[Black "Beletic, Daniel"]
[Result "1-0"]
[WhiteElo "2157"]
[BlackElo "2302"]
[Annotator "NA"]
[PlyCount "81"]
[EventDate "2019.12.06"]
[EventType "swiss"]
[EventCountry "ITA"]
[SourceTitle "playchess.com"]
[Source "ChessBase"]
[SourceQuality "1"]
[TimeControl "5400+30"]

1. e4 {[%emt 0:00:00]} c6 {[%emt 0:00:00]} 2. d4 {[%emt 0:00:00]} d5 {[%emt 0:00:04]} 3. Nc3 {[%emt 0:03:06]} dxe4 {[%emt 0:00:21]} 4. Nxe4 {[%emt 0:00:07]} Bf5 {[%emt 0:01:35]} 5. Ng3 {[%emt 0:00:07]} Bg6 {[%emt 0:00:04]} 6. h4 {[%emt 0:00:06]} h6 {[%emt 0:00:09]} 7. Nh3 {[%emt 0:00:11]} e6 {[%emt 0:00:21]} 8. Nf4 {[%emt 0:00:23]} Bh7 {[%emt 0:00:10]} 9. Bc4 {[%emt 0:00:13]} Nf6 {[%emt 0:00:14]} 10. Qe2 {[%emt 0:03:38]} Nd5 {[%emt 0:04:30] B18: Classical Caro-Kann: 4...Bf5 sidelines} (10... Qxd4 $17 11. c3 Qd6) (10... Bd6 11. Ngh5 O-O 12. g4 Bxf4 13. Nxf4 Qxd4 14. c3 Qe4 15. f3 Qxe2+ 16. Kxe2 Nd5 17. g5 hxg5 18. hxg5 Nd7 19. Bd2 {0-1 (38) Savenkov,K (2369)-Iljiushenok,I (2533) Moscow 2019}) 11. Bxd5 {[%emt 0:08:36]} cxd5 {[%emt 0:00:21]} 12. c3 $146 {[%emt 0:00:06]} ({Predecessor:} 12. O-O Be7 13. Qg4 g5 14. Nfh5 Nc6 15. f4 Qb6 16. Ng7+ Kf8 17. c3 Kxg7 18. fxg5 Rhg8 19. Qh5 Raf8 20. Rf6 Qd8 21. Qxh6+ Kh8 22. Qxh7+ {1-0 (22) Fernandez Losada,D (2142)-Cacheiro Martinez,M (1993) Mondariz 2006}) 12... Nc6 {[%emt 0:01:42]} 13. Qg4 {[%emt 0:00:30]} g6 {[%emt 0:16:34]} 14. O-O {[%emt 0:01:44]} Qd7 {[%emt 0:07:56]} 15. Re1 {[%emt 0:06:01]} O-O-O {[%emt 0:01:00]} 16. b4 {[%emt 0:00:08]} Be7 {[%emt 0:03:15]} 17. Nd3 {[%emt 0:08:44]} g5 {[%emt 0:01:20]} 18. Nc5 {[%emt 0:00:07]} Bxc5 {[%emt 0:00:12]} 19. bxc5 {[%emt 0:00:40]} f5 {[%emt 0:01:14]} 20. Qe2 {[%emt 0:04:37]} f4 {[%emt 0:00:43]} 21. Nh5 {[%emt 0:01:16]} Bf5 {[%emt 0:00:42]} 22. a4 {[%emt 0:03:20]} Qf7 {[%emt 0:00:54]} 23. g4 {[%emt 0:04:58] [#]} fxg3 {[%emt 0:03:42]} ({Black should try} 23... Rhe8 $1 $19 24. hxg5 hxg5) 24. Nxg3 {[%emt 0:00:50]} Rde8 {[%emt 0:00:42]} 25. h5 {[%emt 0:01:43]} (25. Qf3 $17) 25... Rhf8 {[%emt 0:01:45]} 26. Ra2 {[%emt 0:02:34]} e5 {[%emt 0:05:48]} 27. Qf3 {[%emt 0:00:48]} e4 {[%emt 0:02:11]} 28. Qxf5+ {[%emt 0:05:13]} Qxf5 {[%emt 0:00:18]} 29. Nxf5 {[%emt 0:00:06]} Rxf5 {[%emt 0:00:03]} 30. Rae2 {[%emt 0:00:13]} Ref8 {[%emt 0:01:50]} 31. Be3 {[%emt 0:09:53]} Rf3 {[%emt 0:01:30]} 32. c4 {[%emt 0:02:02]} dxc4 {[%emt 0:01:48]} 33. Rc1 {[%emt 0:05:49]} Nb4 {[%emt 0:03:33]} 34. Rxc4 {[%emt 0:00:30]} Nd5 {[%emt 0:00:10]} 35. Bd2 {[%emt 0:00:06]} Rd3 {[%emt 0:01:04]} 36. Be1 $2 {[%emt 0:04:10]} (36. c6 $17) 36... Rf4 $19 {[%emt 0:02:37]} 37. Bd2 {[%emt 0:07:58]} Rg4+ {[%emt 0:10:33]} 38. Kh2 {[%emt 0:00:16]} Rh4+ {[%emt 0:00:33]} 39. Kg2 {[%emt 0:00:38]} Nf4+ {[%emt 0:05:51]} 40. Bxf4 {[%emt 0:00:08]} gxf4 {[%emt 0:00:10]} 41. Rec2 {[%emt 0:05:03]} 1-0

[Event "8th Palmanova Open 2019"]
[Site "Palmanova"]
[Date "2019.12.07"]
[Round "2.3"]
[White "Trussevich, Sergey"]
[Black "Belli, Giorgio"]
[Result "1/2-1/2"]
[WhiteElo "2280"]
[BlackElo "2136"]
[Annotator "NA"]
[PlyCount "135"]
[EventDate "2019.12.06"]
[EventType "swiss"]
[EventCountry "ITA"]
[SourceTitle "playchess.com"]
[Source "ChessBase"]
[SourceQuality "1"]
[TimeControl "5400+30"]

1. Nf3 {[%emt 0:00:00]} Nf6 {[%emt 0:15:26]} 2. e3 {[%emt 0:00:00]} b6 {[%emt 0:00:22]} 3. b3 {[%emt 0:00:00]} Bb7 {[%emt 0:00:11]} 4. Bb2 {[%emt 0:00:02]} e6 {[%emt 0:00:18]} 5. Be2 {[%emt 0:00:38]} Be7 {[%emt 0:00:06]} 6. c4 {[%emt 0:00:29]} c5 {[%emt 0:02:39] A13: English Opening: 1...e6} 7. a3 {[%emt 0:00:23]} (7. d4 cxd4 8. Nxd4 O-O 9. O-O d6 10. Bf3 Qc8 11. Nc3 Nbd7 12. Qe2 a6 13. Rad1 Rd8 14. Bxb7 Qxb7 15. e4 Rac8 16. f4 Nc5 17. Rfe1 {½-½ (52) Grischuk,A (2772)-Yu,Y (2751) Huaian 2017}) 7... Nc6 {[%emt 0:03:13]} 8. d3 {[%emt 0:00:17]} d5 {[%emt 0:00:31]} 9. O-O {[%emt 0:01:09]} O-O {[%emt 1:11:44]} 10. cxd5 {[%emt 0:00:07]} Nxd5 {[%emt 0:00:00]} 11. Qc2 {[%emt 0:01:21]} Rc8 {[%emt 0:00:00]} 12. Nbd2 {[%emt 0:00:10]} Bf6 {[%emt 0:00:00]} 13. Rab1 $146 {[%emt 0:02:32]} ({Predecessor:} 13. Ne4 Bxb2 14. Qxb2 Qe7 15. Rfd1 f5 {½-½ (71) Perdomo,C (2301)-Drygalov,A (2481) St Petersburg 2018}) 13... Qe7 {[%emt 0:00:00]} 14. Bxf6 {[%emt 0:01:02]} Qxf6 {[%emt 0:00:00]} 15. Rfc1 {[%emt 0:01:58]} Rfd8 {[%emt 0:00:00]} 16. Nc4 {[%emt 0:03:13]} h6 {[%emt 0:00:00]} 17. h3 {[%emt 0:01:03]} Rc7 {[%emt 0:00:00]} 18. Bf1 {[%emt 0:01:06]} e5 {[%emt 0:00:00]} 19. Rb2 {[%emt 0:02:37]} Bc8 {[%emt 0:00:00]} 20. Be2 {[%emt 0:01:22]} Re7 {[%emt 0:00:00]} 21. Ncd2 {[%emt 0:00:51]} Rc7 {[%emt 0:00:00]} 22. Qb1 {[%emt 0:01:04]} g5 {[%emt 0:00:00]} 23. b4 {[%emt 0:01:16]} cxb4 {[%emt 0:00:00]} 24. axb4 {[%emt 0:01:33]} Re7 {[%emt 0:00:00]} (24... a6 $142) 25. b5 {[%emt 0:01:43]} Na5 {[%emt 0:00:00]} 26. Rbc2 {[%emt 0:06:12]} Bf5 {[%emt 0:00:00]} 27. Ne4 {[%emt 0:05:33]} Qg7 {[%emt 0:00:00]} 28. Ng3 {[%emt 0:05:28]} Bg6 {[%emt 0:00:00]} 29. Bf1 {[%emt 0:06:52]} Nb7 {[%emt 0:00:00]} 30. Rc8 $16 {[%emt 0:14:55]} Rxc8 {[%emt 0:00:00]} 31. Rxc8+ {[%emt 0:00:01]} Kh7 {[%emt 0:00:00]} 32. Qa2 {[%emt 0:04:15]} Rd7 {[%emt 0:00:00]} 33. Qxa7 {[%emt 0:14:56]} f6 {[%emt 0:02:11]} 34. Qb8 {[%emt 0:11:56]} Nd6 {[%emt 0:01:02]} 35. Rd8 {[%emt 0:04:19]} Rxd8 {[%emt 0:03:27]} 36. Qxd8 {[%emt 0:00:07]} Qc7 {[%emt 0:00:05]} 37. Qa8 {[%emt 0:01:28]} Nc3 {[%emt 0:01:25]} 38. Qf8 {[%emt 0:00:26]} Ne8 {[%emt 0:01:07]} 39. d4 {[%emt 0:02:16]} e4 {[%emt 0:00:05]} 40. Nd2 {[%emt 0:00:14]} Qd6 {[%emt 0:00:32]} 41. Qxd6 {[%emt 0:00:09]} Nxd6 {[%emt 0:00:02]} 42. Nc4 {[%emt 0:00:48]} Nc8 {[%emt 0:02:03]} 43. Na3 {[%emt 0:02:43]} Be8 {[%emt 0:02:15]} 44. f3 {[%emt 0:01:44]} exf3 {[%emt 0:00:39]} 45. gxf3 {[%emt 0:00:59]} Nd6 {[%emt 0:00:05]} 46. Bd3+ {[%emt 0:00:21]} Kg7 {[%emt 0:01:10]} 47. Ne4 {[%emt 0:01:06]} Ndxb5 {[%emt 0:02:17]} 48. Nc4 {[%emt 0:00:22]} Nxe4 {[%emt 0:00:19]} 49. fxe4 {[%emt 0:00:46]} Nc3 {[%emt 0:00:36]} 50. Nxb6 {[%emt 0:00:15]} Bg6 {[%emt 0:00:06]} 51. Bc4 {[%emt 0:00:47]} Nxe4 {[%emt 0:00:39]} 52. Kg2 {[%emt 0:00:28]} Nd6 {[%emt 0:00:24]} 53. Be2 {[%emt 0:00:20]} Kf7 {[%emt 0:00:45]} 54. Na4 {[%emt 0:00:10]} Ke7 {[%emt 0:00:22]} 55. Nc5 {[%emt 0:00:09]} Ne4 {[%emt 0:00:37]} 56. Nb3 {[%emt 0:01:23]} Bf7 {[%emt 0:00:11]} 57. Nc1 {[%emt 0:00:11]} Bd5 {[%emt 0:00:40]} 58. Bf3 {[%emt 0:00:11]} f5 {[%emt 0:00:36]} 59. Ne2 {[%emt 0:00:50]} Kd6 {[%emt 0:00:37]} 60. Bxe4 {[%emt 0:00:47]} Bxe4+ {[%emt 0:00:21]} 61. Kg3 {[%emt 0:00:03]} Bd5 {[%emt 0:00:38]} 62. h4 {[%emt 0:00:40]} Bc4 {[%emt 0:00:22]} 63. Nc3 {[%emt 0:00:47]} Bd3 {[%emt 0:00:27]} 64. Nd1 {[%emt 0:00:29]} Kd5 {[%emt 0:00:22]} 65. hxg5 {[%emt 0:00:12]} hxg5 {[%emt 0:00:04]} 66. Kf2 {[%emt 0:00:51]} f4 {[%emt 0:01:04]} 67. exf4 {[%emt 0:00:32]} gxf4 {[%emt 0:00:12]} 68. Kf3 {[%emt 0:01:03] Ke5 Ke4+} 1/2-1/2

[Event "8th Palmanova Open 2019"]
[Site "Palmanova"]
[Date "2019.12.07"]
[Round "2.4"]
[White "Margl, Roland"]
[Black "Garau, Francesca"]
[Result "1-0"]
[WhiteElo "2249"]
[BlackElo "1830"]
[Annotator "NA"]
[PlyCount "69"]
[EventDate "2019.12.06"]
[EventType "swiss"]
[EventCountry "ITA"]
[SourceTitle "playchess.com"]
[Source "ChessBase"]
[SourceQuality "1"]
[TimeControl "5400+30"]

1. Nf3 {[%emt 0:00:00]} d5 {[%emt 0:00:00]} 2. d4 {[%emt 0:00:00]} e6 {[%emt 0:00:00]} 3. c4 {[%emt 0:00:00]} c5 {[%emt 0:00:28]} 4. cxd5 {[%emt 0:00:00]} exd5 {[%emt 0:00:15]} 5. g3 {[%emt 0:00:25]} Nc6 {[%emt 0:00:26]} 6. Bg2 {[%emt 0:00:04]} Nf6 {[%emt 0:00:11]} 7. O-O {[%emt 0:00:07]} Be7 {[%emt 0:00:12]} 8. Nc3 {[%emt 0:00:26]} O-O {[%emt 0:00:14]} 9. dxc5 {[%emt 0:00:07]} Bxc5 {[%emt 0:01:29]} 10. a3 {[%emt 0:00:06]} a5 {[%emt 0:01:09]} 11. Bg5 {[%emt 0:00:34]} d4 {[%emt 0:03:00] E06: Closed Catalan: Early deviations} 12. Ne4 {[%emt 0:03:58]} Be7 {[%emt 0:01:35]} 13. Nxf6+ {[%emt 0:00:06]} Bxf6 {[%emt 0:00:17]} 14. Bxf6 {[%emt 0:00:05]} Qxf6 {[%emt 0:00:20] [#]} 15. Ne1 $146 {[%emt 0:00:36]} ({Predecessor:} 15. Rc1 Be6 16. Ne1 Rad8 17. Nd3 Rfe8 18. Re1 Bg4 19. Qd2 {1-0 (47) Laxman,R (2502)-Salem,A (2469) Abu Dhabi 2009}) 15... Bf5 {[%emt 0:10:02]} 16. Rc1 {[%emt 0:01:53]} Rab8 {[%emt 0:06:02]} 17. Nd3 {[%emt 0:05:41]} Rfc8 {[%emt 0:11:13]} 18. Qb3 {[%emt 0:02:46]} b5 {[%emt 0:09:18]} 19. Rc5 {[%emt 0:12:29]} Be6 {[%emt 0:16:17]} 20. Bd5 {[%emt 0:02:16]} a4 {[%emt 0:09:09]} 21. Qa2 {[%emt 0:02:26]} Na5 {[%emt 0:07:06]} 22. Rfc1 {[%emt 0:13:33]} Nc4 {[%emt 0:04:50]} 23. Bg2 {[%emt 0:08:01]} Qe7 {[%emt 0:02:55]} 24. Rxc8+ {[%emt 0:00:42]} Rxc8 $15 {[%emt 0:00:09]} 25. Nf4 {[%emt 0:02:47]} h6 {[%emt 0:01:11]} 26. Qb1 {[%emt 0:11:27]} Qd7 {[%emt 0:02:50]} 27. Rd1 {[%emt 0:04:08]} Bf5 {[%emt 0:02:58]} 28. Be4 {[%emt 0:12:33]} Bxe4 {[%emt 0:03:31]} 29. Qxe4 {[%emt 0:00:02]} Rd8 {[%emt 0:02:12]} 30. e3 {[%emt 0:02:02]} Qa7 {[%emt 0:02:32]} 31. Nd5 {[%emt 0:01:06]} Kf8 {[%emt 0:03:03]} 32. Rxd4 {[%emt 0:00:35]} Nxb2 {[%emt 0:00:28]} 33. Qh7 {[%emt 0:00:19]} Rxd5 {[%emt 0:00:35]} 34. Rxd5 {[%emt 0:00:13]} Qb7 {[%emt 0:00:21]} 35. Qh8+ {[%emt 0:00:19]} 1-0

[Event "8th Palmanova Open 2019"]
[Site "Palmanova"]
[Date "2019.12.07"]
[Round "2.5"]
[White "Savanovic, Maksim"]
[Black "Kobal, Sasa"]
[Result "0-1"]
[WhiteElo "2062"]
[BlackElo "2100"]
[Annotator "NA"]
[PlyCount "94"]
[EventDate "2019.12.06"]
[EventType "swiss"]
[EventCountry "ITA"]
[SourceTitle "playchess.com"]
[Source "ChessBase"]
[SourceQuality "1"]
[TimeControl "5400+30"]

1. d4 {[%emt 0:00:00]} d5 {[%emt 0:02:36]} 2. Bf4 {[%emt 0:00:00]} c5 {[%emt 0:00:48]} 3. e3 {[%emt 0:00:00]} Nc6 {[%emt 0:00:07]} 4. c3 {[%emt 0:00:00]} Qb6 {[%emt 0:00:51]} 5. Qb3 {[%emt 0:00:00]} c4 {[%emt 0:00:03]} 6. Qc2 {[%emt 0:00:42]} Nf6 {[%emt 0:03:45]} 7. Nd2 {[%emt 0:00:12]} Bg4 {[%emt 0:02:12]} 8. Ngf3 {[%emt 0:04:42]} e6 {[%emt 0:02:33]} 9. Be2 {[%emt 0:00:26]} Bf5 {[%emt 0:03:44]} 10. Qc1 {[%emt 0:00:23]} Be7 {[%emt 0:01:44]} 11. h3 {[%emt 0:00:51]} h6 {[%emt 0:03:30]} 12. O-O {[%emt 0:00:29]} O-O {[%emt 0:01:23]} 13. b3 {[%emt 0:20:26]} cxb3 {[%emt 0:03:39]} 14. axb3 {[%emt 0:00:44]} Na5 $16 {[%emt 0:09:44]} (14... a5 $11) 15. Qb2 {[%emt 0:15:56]} Rfc8 {[%emt 0:05:05]} 16. Qa2 {[%emt 0:15:29]} Nc6 {[%emt 0:05:48]} 17. Rfc1 {[%emt 0:02:09]} a5 {[%emt 0:06:01]} 18. Ne5 {[%emt 0:02:48]} Nxe5 {[%emt 0:03:02]} 19. Bxe5 {[%emt 0:01:04]} Nd7 {[%emt 0:00:23]} 20. Bg3 {[%emt 0:04:03]} Bd6 {[%emt 0:01:29]} 21. Bxd6 {[%emt 0:04:56]} Qxd6 {[%emt 0:00:05]} 22. c4 {[%emt 0:05:31]} Qb4 {[%emt 0:02:29]} 23. Nf3 {[%emt 0:07:31]} dxc4 {[%emt 0:08:43]} 24. bxc4 {[%emt 0:03:45]} a4 {[%emt 0:06:46]} 25. Nd2 {[%emt 0:03:26]} Nf6 {[%emt 0:02:11]} 26. Bf3 {[%emt 0:00:49]} Rab8 {[%emt 0:00:28]} 27. e4 {[%emt 0:01:20]} Bg6 {[%emt 0:01:08]} 28. Rab1 {[%emt 0:02:35]} Qd6 {[%emt 0:04:20]} 29. Qxa4 {[%emt 0:03:35]} Qxd4 {[%emt 0:00:27]} 30. Rd1 {[%emt 0:00:33]} e5 {[%emt 0:06:01]} 31. Qb3 {[%emt 0:00:25]} Nh5 {[%emt 0:01:40]} 32. Bxh5 {[%emt 0:00:31]} Bxh5 {[%emt 0:00:05]} 33. g4 {[%emt 0:00:15]} Bg6 {[%emt 0:00:08]} 34. Qf3 {[%emt 0:00:45]} Rc6 {[%emt 0:01:18]} 35. Rb5 {[%emt 0:00:34]} Rd8 {[%emt 0:01:16]} 36. Rd5 {[%emt 0:00:31]} Rxd5 {[%emt 0:00:17]} 37. cxd5 {[%emt 0:00:27]} Rc3 {[%emt 0:00:14]} 38. Qe2 {[%emt 0:00:34]} Rd3 {[%emt 0:01:36]} 39. Kg2 {[%emt 0:00:30]} Bxe4+ {[%emt 0:00:25]} 40. f3 {[%emt 0:00:12]} Bxd5 {[%emt 0:01:50]} 41. Kh2 {[%emt 0:00:44]} Qf4+ {[%emt 0:00:55]} 42. Kg2 {[%emt 0:00:11]} Re3 {[%emt 0:00:25]} 43. Qf2 {[%emt 0:00:16]} e4 {[%emt 0:00:39]} 44. Nxe4 {[%emt 0:00:49]} Bxe4 {[%emt 0:00:09]} 45. Rf1 {[%emt 0:00:41]} Bxf3+ {[%emt 0:00:18]} 46. Kg1 {[%emt 0:00:05]} Re2 {[%emt 0:00:37]} 47. Qxe2 {[%emt 0:00:45]} Qg3+ {[%emt 0:00:04]} 0-1